مكتبة جامعة عجلون الوطنية

فهرس بحث المكتبة

Normal view MARC view
  • جامعة المنصورة، كلية التجارة، برعاية: عمرو موسى، مفيد شهاب

Entry Personal Name

Number of records used in: 1

001 - CONTROL NUMBER

  • control field: 17302

003 - CONTROL NUMBER IDENTIFIER

  • control field: JO-AjAnu

005 - DATE AND TIME OF LATEST TRANSACTION

  • control field: 20230606073046.0

008 - FIXED-LENGTH DATA ELEMENTS

  • fixed length control field: 230606|| aca||aabn | a|a d

040 ## - CATALOGING SOURCE

  • Original cataloging agency: JO-AjAnu
  • Transcribing agency: JO-AjAnu

100 ## - HEADING--PERSONAL NAME

  • Personal name: جامعة المنصورة، كلية التجارة، برعاية: عمرو موسى، مفيد شهاب

670 ## - SOURCE DATA FOUND

  • Source citation: Work cat.: (JO-AjAnu)8884: جامعة المنصورة، كلية التجارة، برعاية: عمرو موسى، مفيد شهاب, author, المؤتمر العلمي السنوي الثامن عشر الدولي تطوير مناخ الاستثمار في الدول العربية في ظل التحديات المعاصرة